Chuck's Chicanery Monologue But It's a Multiple Choice Quiz - Statistics

General Stats
  • This quiz has been taken 126 times
  • The average score is 15 of 17
Answer Stats
Question Answer % Correct
I just- I just couldn't prove it! He covered his tracks, he got... that idiot at the copy shop to lie for him.
97%
No, he orchestrated it! Jimmy!
95%
He defecated... through a sunroof,
95%
Couldn't... keep his hands out of the cash drawer.
94%
And he gets to be a lawyer? What a sick joke!
94%
That billboard. Are you telling me a man just happens to fall like that?
92%
This, this chicanery? He's done worse.
92%
Schizophrenic? I am not crazy! I am not crazy.
88%
"But not our Jimmy, couldn't be Jimmy!" Stealing them blind!
88%
I know he swapped those numbers, I knew it was... 1216.
86%
and I saved him! I shouldn't have, I took him into my own firm!
86%
Ever since he... ...always the same. was nine,
84%
I should have stopped him when I had the chance. And you- you have stop him, you... I apologize.
82%
I lost my train of thought. Got carried away. Do you have anything else?
79%
You think this is something- you think this is bad?
79%
What was I thinking? He'll never change. He'll never change!
76%
One after Magna Carte, as if I could ever make such a mistake. Never, never!
64%
No matching quizzes found
Score Distribution
Percent of People with Each Score
Percentile by Number Answered
Your Score History
You have not taken this quiz